000 00618nam a2200205 i 4500
001 12064
003 ES-MaACL
005 20230906150231.0
007 t|
008 970225s1994 xxu ||||1| eng d
020 _a0-19-855180-0
080 _a544.18(076.2)
100 1 _aAtkins, Peter W.
_923747
245 1 0 _aSolutions manual for molecular quantum mechanics /
_cP.W. Atkins.
250 _a1st., rep.
260 _aOxford [etc.] :
_bOxford University Press,
_c1994.
300 _a204 p. ;
_c24 cm.
650 4 _aQuímica cuántica-
_vProblemas, ejercicios, etc.
_916631
852 _aES-MaACL
_jL-19347
_bR.125706
999 _c12064
_d12064